Alford's Greek Testament : (Record no. 6874)

MARC details
000 -LEADER
fixed length control field 00933nam a22002297a 4500
003 - CONTROL NUMBER IDENTIFIER
control field GBCCL
005 - DATE AND TIME OF LATEST TRANSACTION
control field 20241126110614.0
008 - FIXED-LENGTH DATA ELEMENTS--GENERAL INFORMATION
fixed length control field 180702b ||||| |||| 00| 0 eng d
020 ## - INTERNATIONAL STANDARD BOOK NUMBER
International Standard Book Number 0890860548
020 ## - INTERNATIONAL STANDARD BOOK NUMBER
International Standard Book Number 9780890860540
040 ## - CATALOGING SOURCE
Transcribing agency GBC
082 ## - DEWEY DECIMAL CLASSIFICATION NUMBER
Classification number 225.48
Item number ALF
100 ## - MAIN ENTRY--PERSONAL NAME
Personal name Alford, Henry
9 (RLIN) 12291
245 ## - TITLE STATEMENT
Title Alford's Greek Testament :
Remainder of title an exegetical and critical commentary/
Statement of responsibility, etc. Henry Alford
260 ## - PUBLICATION, DISTRIBUTION, ETC.
Place of publication, distribution, etc. Grand Rapids :
Name of publisher, distributor, etc. Guardian Press,
Date of publication, distribution, etc. 1976, 1874.
300 ## - PHYSICAL DESCRIPTION
Extent 4 volumes in 6 ; 21 cm
505 ## - FORMATTED CONTENTS NOTE
Formatted contents note vol. I, pt. 1. Prolegomena & Matthew-Mark; pt. 2. Luke-John.--vol. II. Acts-II Corinthians.--vol. III. Galatians-Philemon.--vol. IV, pt. 1. Prolegomena & Hebrews; pt. 2. James-Revelation.
505 ## - FORMATTED CONTENTS NOTE
Formatted contents note Original title: The Greek New Testament.<br/>Issued in six bindings in a slipcase.
650 ## - SUBJECT ADDED ENTRY--TOPICAL TERM
Topical term or geographic name entry element Bible. -- New Testament -- Commentaries.
9 (RLIN) 11414
650 ## - SUBJECT ADDED ENTRY--TOPICAL TERM
Topical term or geographic name entry element Bible. -- New Testament.
9 (RLIN) 10931
942 ## - ADDED ENTRY ELEMENTS (KOHA)
Source of classification or shelving scheme Dewey Decimal Classification
Koha item type Reference Books
Holdings
Withdrawn status Lost status Source of classification or shelving scheme Damaged status Not for loan Home library Current Library Shelving location Date acquired Total checkouts Full call number Barcode Date last seen Copy number Price effective from Koha item type
    Dewey Decimal Classification     GRACE BIBLE COLLEGE GRACE BIBLE COLLEGE Language 2018-07-02   225.48 ALF 004079 2025-05-01 v.1 2018-07-02 Language
    Dewey Decimal Classification     GRACE BIBLE COLLEGE GRACE BIBLE COLLEGE Language 2018-07-02   225.48 ALF 004080 2025-05-01 v.1 c.2 2018-07-02 Language
    Dewey Decimal Classification     GRACE BIBLE COLLEGE GRACE BIBLE COLLEGE Language 2018-07-02   225.48 ALF 004081 2025-05-01 v.2 2018-07-02 Language
    Dewey Decimal Classification     GRACE BIBLE COLLEGE GRACE BIBLE COLLEGE Language 2018-07-02   225.48 ALF 004082 2025-05-01 v.3 2018-07-02 Language
    Dewey Decimal Classification     GRACE BIBLE COLLEGE GRACE BIBLE COLLEGE Language 2018-07-02   225.48 ALF 004083 2025-05-01 v.4 2018-07-02 Language
    Dewey Decimal Classification     GRACE BIBLE COLLEGE GRACE BIBLE COLLEGE Language 2018-07-02   225.48 ALF 004084 2025-05-01 v.4 v.2 2018-07-02 Language
© Grace Bible College Library 2025